[Event "Titled Tue 30th Jul Early"]
[Site "chess.com INT"]
[Date "2024.07.30"]
[Round "11"]
[White "Le, Quang Liem"]
[Black "Sarana, A."]
[Result "1-0"]
[WhiteElo "2731"]
[BlackElo "2717"]
[PlyCount "71"]
[EventDate "2024.07.30"]

1. c4 e6 2. Nc3 d5 3. d4 Bb4 4. a3 Bxc3+ 5. bxc3 Nf6 6. e3 O-O 7. cxd5 exd5 8. Bd3 c5 9. Ne2 b6 10. O-O Ba6 11. f3 Bxd3 12. Qxd3 Nc6 13. Ng3 Re8 14. Bb2 c4 15. Qd2 h5 16. Rae1 h4 ({RR} 16... g6 17. Qc2 h4 18. Nh1 Nh5 19. Bc1 Na5 20. e4 Nb3 21. Nf2 b5 22. Ng4 Qd6 23. e5 Qe6 24. Bg5 h3 25. Nh6+ Kh7 26. g4 Ng7 27. Qf2 Qd7 28. Qh4 Ne6 29. Nf5+ Kg8 30. Bf6 {1-0 (30) Golis,W (2348)-Koch,M (1928) Chotowa POL 2026}) 17. Nf5 Qd7 $146 ({RR} 17... h3 18. Ng3 hxg2 19. Qxg2 Qd7 20. e4 Re6 21. e5 Rae8 22. Qf2 Nh7 23. f4 g6 24. Bc1 f5 25. Kh1 Kf7 26. Rg1 Rh8 27. Rg2 Ne7 28. Reg1 Ke8 29. Qc2 Kd8 30. a4 Kc7 31. Ba3 Nc6 32. a5 {Mestnikov,A (2077)-Baches Garcia,G (2322) chess.com INT 2024 1-0 (44)}) ({RR} 17... Ne7 18. Nxe7+ Rxe7 19. Qf2 h3 20. g4 Qe8 21. Kh1 b5 22. Rg1 a5 23. Rg3 Nh7 24. Rxh3 Ng5 25. Rh5 f6 26. h4 Nf7 27. Rxd5 b4 28. e4 Rb8 29. Rc5 bxa3 30. Bxa3 Rb3 31. Rxa5 Reb7 32. Bb4 {Caruana,F (2796)-Sarana,A (2717) chess.com INT 2024 1-0 (37)}) ({RR} 17... Ne7 18. g4 hxg3 19. Nxg3 Ng6 20. e4 Qd7 21. e5 Nh7 22. f4 f5 23. Qd1 Ngf8 24. a4 g6 25. h4 Ne6 26. h5 Qg7 27. Re2 Kh8 28. Rg2 Qf7 29. hxg6 Qxg6 30. Ne4 Qh6 31. Nd6 {1-0 (31) Sarana,A (2672)-Principe,G (2144) chess.com INT 2025}) 18. Nxh4 b5 19. Qc2 a5 20. e4 b4 21. e5 Nh5 22. Bc1 g6 23. g4 Ng7 24. h3 Rab8 25. f4 bxc3 26. Be3 Rb2 27. Qxc3 Rb3 28. Qd2 Reb8 29. f5 Rb2 30. Qd1 Qd8 31. Ng2 R8b3 32. e6 f6 33. fxg6 Rd3 34. Qa4 Qc7 35. Rxf6 Qg3 36. Bf2 1-0

[Event "8th Sinquefield Cup 2021"]
[Site "Saint Louis USA"]
[Date "2021.08.25"]
[Round "8.1"]
[White "Xiong, Jeffery"]
[Black "Mamedyarov, S."]
[Result "1/2-1/2"]
[WhiteElo "2710"]
[BlackElo "2782"]
[PlyCount "67"]
[EventDate "2021.08.17"]

1. c4 e6 2. Nc3 d5 3. d4 a6 4. cxd5 exd5 5. Bf4 Nf6 6. e3 c5 7. dxc5 Bxc5 8. Nf3 Nc6 9. Be2 O-O 10. O-O Re8 ({RR} 10... Be6 11. Ne5 Bd6 12. Nxc6 bxc6 13. Na4 c5 14. Bxd6 Qxd6 15. Rc1 Rfc8 16. Qd2 Rab8 17. b3 Rc6 18. Rfd1 Qc7 19. h3 h6 20. Bf3 a5 21. Nc3 Rd8 22. e4 d4 23. e5 Nd5 24. Nb5 Qb6 25. Nd6 {Nakamura,H (2736)-Le,Q (2709) chess24.com INT 2021 1-0 (48)}) ({RR} 10... d4 11. exd4 Nxd4 12. Nxd4 Qxd4 13. Qxd4 Bxd4 14. Bf3 Ra7 15. Bb8 Ra8 16. Bc7 Be6 17. Rac1 Bxc3 18. Rxc3 Nd5 19. Bxd5 Bxd5 20. a3 Rac8 21. Rfc1 f6 22. f3 Rfe8 23. Kf2 Kf7 24. Bb6 Rxc3 25. Rxc3 {Yushko,O (2017)-Baches Garcia,G (2305) chess.com INT 2026 ½-½ (90)}) 11. Rc1 $146 ({RR} 11. h3 h6 12. Rc1 Ba7 13. Na4 Ne4 14. Nd4 Nxd4 15. exd4 Qf6 16. Be5 Rxe5 17. dxe5 Bxf2+ 18. Kh1 Qxe5 19. g4 Bd7 20. Nc3 Qg3 21. Qd3 Be3 22. Rf3 Qxf3+ 23. Bxf3 Nf2+ 24. Kg2 Nxd3 25. Rd1 Nf4+ {Koelle,T (2357)-Vogel,R (2518) Playchess.com INT 2021 0-1 (47)}) 11... h6 12. Qc2 Ba7 13. Rfd1 Be6 14. Ne5 Rc8 15. Bf3 Qa5 16. Qd3 Ne7 17. h3 Red8 18. Qe2 b5 19. a3 d4 20. exd4 Rxd4 21. Nd3 Rdd8 22. Nb4 Ng6 23. Be3 Rxd1+ 24. Rxd1 Bb8 25. Nc6 Rxc6 26. Bxc6 Qc7 27. f4 Nxf4 28. Qd2 Nd3 29. Qxd3 Qh2+ 30. Kf2 Qg3+ 31. Kg1 Qh2+ 32. Kf2 Qg3+ 33. Kg1 Qh2+ 34. Kf2 1/2-1/2

[Event "TCh-HUN 2024-25"]
[Site "Hungary HUN"]
[Date "2024.12.15"]
[Round "4.3"]
[White "Gledura, B."]
[Black "Sjugirov, S."]
[Result "1-0"]
[WhiteElo "2652"]
[BlackElo "2649"]
[PlyCount "55"]
[EventDate "2024.11.02"]
[EventType "team"]
[EventRounds "9"]
[EventCountry "HUN"]
[SourceTitle "The Week in Chess 1572"]
[Source "Mark Crowther"]
[SourceDate "2024.12.23"]
[SourceVersion "2"]
[SourceVersionDate "2024.12.24"]
[SourceQuality "2"]
[WhiteTeam "Tuxera ANSK"]
[BlackTeam "Sentimento Ajka BSK"]

1. c4 e6 2. Nc3 d5 3. d4 a6 4. cxd5 exd5 5. Qb3 c6 6. e4 dxe4 7. Bc4 Qe7 8. a4 Nh6 ({RR} 8... Nf6 9. Nge2 g6 10. O-O Bg7 11. Ng3 O-O 12. Re1 b5 13. axb5 cxb5 14. Bxb5 Qb7 15. Ba4 Qxb3 16. Bxb3 Nc6 17. Rd1 Bg4 18. Nge2 {½-½ (18) Svidler,P (2751)-Erdos,V (2628) Tbilisi 2017}) ({RR} 8... Nf6 9. a5 Be6 10. Bxe6 fxe6 11. Nh3 Nd5 12. O-O Qb4 13. Qd1 Nd7 14. Nxe4 O-O-O 15. Nhg5 Re8 16. Nf7 Rg8 17. Ra4 Qe7 18. Nfd6+ Kb8 19. Nxe8 Qxe8 20. Qg4 h5 21. Qg3+ Ka8 22. Bd2 Be7 23. Re1 {Estremera Panos,S (2183)-Vargas Tinoco,M (1865) Las Palmas ESP 2026 1-0 (34)}) 9. Nge2 g6 $146 ({RR} 9... Nf5 10. Bf4 g5 11. Be5 f6 12. Bg3 h5 13. h4 Nxg3 14. fxg3 Bh6 15. d5 Nd7 16. O-O gxh4 17. Nf4 Nc5 18. Qd1 Bg4 19. Qd4 Bxf4 20. Rxf4 O-O-O 21. Qe3 a5 22. dxc6 f5 23. Nd5 Qd6 24. cxb7+ {Reuker,J (2432)-Schmidek,E (2414) Dresden GER 2023 0-1 (50)}) 10. O-O Bg7 11. Ng3 O-O 12. Ncxe4 Nf5 13. Bg5 Qc7 14. Nxf5 Bxf5 15. Rfe1 b5 16. axb5 cxb5 17. Bd5 Ra7 18. Nf6+ Bxf6 19. Bxf6 Qd6 20. Be5 Qb6 21. Rac1 Nd7 22. Bf4 Nf6 23. Bc6 a5 24. d5 a4 25. Qc3 Ne4 26. Rxe4 Bxe4 27. Be3 Qb8 28. Qf6 1-0

[Event "Titled Tue 3rd Dec Early"]
[Site "chess.com INT"]
[Date "2024.12.03"]
[Round "10"]
[White "Sarana, A."]
[Black "Sjugirov, S."]
[Result "1-0"]
[WhiteElo "2674"]
[BlackElo "2646"]
[PlyCount "67"]
[EventDate "2024.12.03"]

1. d4 d5 2. c4 e6 3. Nc3 a6 4. cxd5 exd5 5. Nf3 Nf6 6. Bg5 Be6 7. e3 Nbd7 8. Bd3 c6 9. Nd2 $146 ({RR} 9. Qc2 Qc7 10. Bf4 Bd6 11. Bxd6 Qxd6 12. O-O O-O 13. h3 g6 14. Ne2 Ne8 15. Nf4 Ng7 16. b4 Bf5 17. a3 Qe7 18. Rfe1 Rfe8 19. Rab1 Bxd3 20. Nxd3 Nf5 21. Nc5 Nd6 22. Nd2 Nb6 23. e4 Ndc4 {Rastbod,A (2256)-Maghsoodloo,P (2719) chess.com INT 2023 0-1 (64)}) ({RR} 9. Qb3 Qb6 10. Qxb6 Nxb6 11. Bxf6 gxf6 12. Nh4 a5 13. O-O-O Bb4 14. Ne2 Nc4 15. Nf4 Bd6 16. Nh5 Be7 17. Nf5 Bxf5 18. Bxf5 Nd6 19. Bd3 Rg8 20. Rhg1 f5 21. Ng3 Bh4 22. Rdf1 Bxg3 23. hxg3 h6 {So,W (2767)-Demchenko,A (2655) Khanty-Mansiysk 2019 1-0 (40)}) ({RR} 9. h3 Bd6 10. Bf4 Qc7 11. Qd2 O-O 12. O-O Rfe8 13. Rac1 g6 14. Rfe1 Nh5 15. Bxd6 Qxd6 16. Na4 Ng7 17. b4 Bf5 18. Nc5 Bxd3 19. Qxd3 Nxc5 20. bxc5 Qd8 21. Rb1 Re7 22. Rb6 Rc8 23. Reb1 Rcc7 {Van Volsem,M (2278)-Ruzhansky,E (2320) Ghent BEL 2025 0-1 (88)}) 9... Be7 10. f4 Nb6 11. O-O O-O 12. Qf3 Nc8 13. f5 Bd7 14. Bf4 h6 15. Be5 Nd6 16. Rae1 Re8 17. Qg3 Nh5 18. Qf3 Nf6 19. g4 Nb5 20. Ne2 Bb4 21. Rd1 Nd6 22. Ng3 Bxd2 23. Rxd2 Nde4 24. Bxe4 Nxe4 25. Nxe4 dxe4 26. Qg3 f6 27. Bd6 Qa5 28. Rg2 Qd5 29. h4 Kf7 30. g5 hxg5 31. hxg5 Rg8 32. Bc5 Rac8 33. Qf4 Qxa2 34. Qd6 1-0

[Event "Bundesliga 2022-23"]
[Site "Deizisau GER"]
[Date "2022.11.26"]
[Round "3.5"]
[White "Bluebaum, M."]
[Black "Duda, J."]
[Result "1/2-1/2"]
[WhiteElo "2647"]
[BlackElo "2731"]
[PlyCount "43"]
[EventDate "2022.10.22"]
[WhiteTeam "Schachfreunde Deizisau"]
[BlackTeam "SC Viernheim"]

1. d4 d5 2. c4 c6 3. Nc3 Nf6 4. e3 e6 5. b3 Bb4 6. Bb2 Ne4 7. Qc2 O-O 8. Bd3 Bxc3+ 9. Bxc3 Nxc3 10. Qxc3 Nd7 ({RR} 10... b6 11. Nf3 Bb7 12. O-O dxc4 13. Qxc4 Nd7 14. Qc2 {½-½ (14) Vetoshko,V (2513)-Bernadskiy,V (2491) Benidorm ESP 2025}) 11. Nf3 dxc4 12. Bxc4 $146 ({RR} 12. bxc4 c5 13. O-O b6 14. d5 Bb7 15. Rad1 Qe7 16. e4 e5 17. a4 a5 18. g3 Rfe8 19. Nh4 g6 20. Ng2 Bc8 21. f4 Nf8 22. Rf2 Bh3 23. Ne3 Rad8 24. f5 Qg5 25. Bf1 Bxf1 26. Rdxf1 Rd6 {Aczel,G (2478)-Nguyen,H (2490) Hungary 2015 1-0 (64)}) 12... b6 13. O-O Bb7 14. b4 a5 15. a3 c5 16. dxc5 axb4 17. axb4 bxc5 18. Be2 Rxa1 19. Rxa1 cxb4 20. Qxb4 Bxf3 21. Bxf3 Qb6 22. Qxb6 1/2-1/2

[Event "Titled Tue 3rd Dec Early"]
[Site "chess.com INT"]
[Date "2024.12.03"]
[Round "11"]
[White "Bluebaum, M."]
[Black "Anton Guijarro, D."]
[Result "1-0"]
[WhiteElo "2650"]
[BlackElo "2673"]
[PlyCount "79"]
[EventDate "2024.12.03"]

1. d4 d5 2. c4 e6 3. Nc3 Bb4 4. e3 Nf6 5. Bd2 O-O 6. Nf3 Nbd7 7. Rc1 c6 8. Bd3 dxc4 9. Bxc4 Bd6 ({RR} 9... Qe7 10. O-O e5 11. Qc2 exd4 12. exd4 Nb6 13. Rfe1 Qd8 14. Bb3 Bg4 15. Qd3 Bxf3 16. Qxf3 Qxd4 17. Bg5 Rfe8 18. h3 Bxc3 19. bxc3 Qd6 20. Rcd1 Rxe1+ 21. Rxe1 Nbd7 22. Rd1 Qe5 23. Be3 Nc5 24. Bd4 {Bluebaum,M (2643)-Anton Guijarro,D (2664) chess.com INT 2025 1-0 (58)}) 10. O-O Qe7 11. Bb3 e5 12. Qc2 $146 ({RR} 12. Bc2 exd4 13. exd4 h6 14. Re1 Qd8 15. Bb3 Re8 16. Rxe8+ Qxe8 17. Qc2 Nf8 18. d5 Bg4 19. Re1 Qb8 20. Qd3 cxd5 21. Nxd5 Nxd5 22. Bxd5 Be6 23. Bc3 Be7 24. Ne5 Bf6 25. Nxf7 Bxf7 26. Bxf6 Qc7 {Durak,C (2239)-Poschadel,A (2044) Djenovici MNE 2022 1-0 (38)}) 12... Kh8 13. h3 h6 14. Nh4 Nb6 15. Nf5 Bxf5 16. Qxf5 g6 17. Qc2 Rad8 18. Rce1 Kg7 19. dxe5 Qxe5 20. f4 Qc5 21. Kh1 Bc7 22. e4 Nh5 23. Be3 Qd6 24. Qf2 Rfe8 25. e5 Qd3 26. g4 Nc4 27. gxh5 Nxe3 28. Rxe3 Qf5 29. Bc2 Qxh5 30. Bd1 Rxd1 31. Rxd1 Bb6 32. Kg2 Bxe3 33. Qxe3 Qf5 34. Qe4 Qe6 35. Rd6 Qe7 36. Qd3 Kg8 37. Ne4 Kh8 38. Nf6 Rf8 39. Rd7 Qe6 40. Rd8 1-0

[Event "BICAPAWN Xacobeo GP B3"]
[Site "Santiago de Compostela ESP"]
[Date "2022.10.20"]
[Round "4.1"]
[White "Sarana, A."]
[Black "Kuzubov, Y."]
[Result "1-0"]
[WhiteElo "2662"]
[BlackElo "2612"]
[PlyCount "119"]
[EventDate "2022.10.20"]

1. d4 Nf6 2. c4 e6 3. Nc3 d5 4. cxd5 exd5 5. Bf4 c6 6. e3 Bd6 7. Bxd6 Qxd6 8. Bd3 O-O 9. Nge2 Re8 10. Qd2 Nbd7 ({RR} 10... a5 11. f3 Na6 12. O-O Nc7 13. e4 dxe4 14. fxe4 Ng4 15. e5 Qh6 16. Qxh6 Nxh6 17. Ne4 Bf5 18. N2g3 Bxe4 19. Nxe4 Red8 20. Nd6 Ne8 21. Nxf7 Nxf7 22. Bc4 Rd5 23. Bxd5 cxd5 24. Rac1 Ng5 25. Rc5 {Sarana,A (2686)-Zhauynbay Aldiyar (2282) chess.com INT 2026 1-0 (37)}) 11. f3 c5 ({RR} 11... b5 12. O-O a5 13. Ng3 b4 14. Na4 c5 15. Nf5 Qf8 16. dxc5 Nxc5 17. Nxc5 Qxc5 18. Rac1 Qb6 19. Nd4 Bd7 20. Rc2 Rac8 21. Rfc1 g6 22. Kf2 Kg7 23. Rxc8 Rxc8 24. Rxc8 Bxc8 25. Qc1 Bd7 26. Nb3 {Sarana,A (2675)-Nguyen Ngoc Truong Son (2600) chess.com INT 2025 1-0 (45)}) 12. g4 $146 ({RR} 12. Rc1 a6 13. O-O Qe7 14. Kf2 b6 15. Ng3 g6 16. Rfe1 Bb7 17. Kg1 Rac8 18. a3 Qd6 19. Rcd1 Re7 20. Bc2 Rce8 21. Qf2 Kg7 22. Nf1 h5 23. h4 Re6 24. Ng3 Qe7 25. e4 cxd4 26. Qxd4 Qc5 {Bluebaum,M (2663)-Mitrabha,G (2510) chess.com INT 2023 0-1 (74)}) 12... cxd4 13. exd4 Nf8 14. O-O-O Bd7 15. h4 b5 16. Nxb5 Bxb5 17. Bxb5 Reb8 18. Bd3 Rb4 19. Qc3 Rab8 20. Rd2 Ne6 21. Kb1 Nf4 22. Rc1 g6 23. Rcc2 Nxe2 24. Bxe2 Qf4 25. b3 h5 26. Qc7 Qxc7 27. Rxc7 hxg4 28. fxg4 Ne4 29. Rd3 a5 30. Kb2 a4 31. Rd7 axb3 32. axb3 R4b5 33. Rf3 Rb4 34. Rd3 R4b5 35. Bf3 Ra8 36. Bxe4 dxe4 37. Re3 Rab8 38. g5 Rf5 39. Re7 Rf2+ 40. Kc3 Rc8+ 41. Kb4 Rb8+ 42. Kc4 Rc2+ 43. Kd5 Rb2 44. R7xe4 Kf8 45. Ke5 R2xb3 46. Rxb3 Rxb3 47. Kd6 Ra3 48. d5 Ra6+ 49. Kc7 Ra7+ 50. Kb6 f5 51. gxf6 Rf7 52. Re6 Rh7 53. d6 Rxh4 54. d7 Rd4 55. Re8+ Kf7 56. d8=Q Rxd8 57. Rxd8 Kxf6 58. Kc5 Ke5 59. Rg8 Kf5 60. Kd4 1-0

[Event "Chess.com Classic Div 3 W"]
[Site "chess.com INT"]
[Date "2024.05.11"]
[Round "3.3"]
[White "Kozak, Adam"]
[Black "Nguyen Ngoc Truong Son"]
[Result "0-1"]
[WhiteElo "2607"]
[BlackElo "2633"]
[PlyCount "72"]
[EventDate "2024.05.10"]
[EventType "k.o."]

1. c4 e6 2. Nf3 d5 3. d4 a6 4. cxd5 exd5 5. Nc3 h6 6. Qb3 Nf6 7. Ne5 Bd6 8. Bf4 O-O 9. g3 c6 10. Bg2 Qe7 11. O-O Nbd7 $146 ({RR} 11... Nh5 12. e4 Nxf4 13. gxf4 Qh4 14. Ne2 Bxe5 15. fxe5 dxe4 16. Ng3 c5 17. Nxe4 cxd4 18. Nd6 Nc6 19. f4 Qg4 20. Kh1 Ne7 21. Rad1 Be6 22. Qd3 Rad8 23. f5 Bd5 24. Rg1 Qh5 25. f6 Bxg2+ 26. Rxg2 {Soderstrom,A (2232)-Jogstad,M (2334) Uppsala 2021 1-0 (79)}) 12. Nxd7 Qxd7 13. Be5 Ng4 14. Bxd6 Qxd6 15. e4 dxe4 16. Nxe4 Qxd4 17. Rad1 Qe5 18. Rfe1 Be6 19. Qxb7 Rab8 20. Qxc6 Rxb2 21. h3 Nf6 22. a4 Nxe4 23. Rxe4 Qf5 24. Rf4 Qc2 25. Qxc2 Rxc2 26. Rd6 a5 27. Ra6 Rc5 28. h4 Rb8 29. Be4 g5 30. hxg5 hxg5 31. Rf3 Rb4 32. Bc6 Rb1+ 33. Kh2 Rxc6 34. Rxc6 Bd5 35. Rc8+ Kg7 36. Rcc3 g4 0-1

[Event "Titled Tue 13th Jan 2026"]
[Site "chess.com INT"]
[Date "2026.01.13"]
[Round "4"]
[White "Lazavik, Denis"]
[Black "Anton Guijarro, D."]
[Result "1-0"]
[WhiteElo "2605"]
[BlackElo "2662"]
[PlyCount "127"]
[EventDate "2026.01.13"]

1. d4 d5 2. c4 e6 3. Nc3 Bb4 4. a3 Bxc3+ 5. bxc3 Nf6 6. cxd5 exd5 7. e3 Bf5 8. Ne2 Nc6 9. Ng3 Bg6 10. f3 h5 11. Bd3 Bxd3 12. Qxd3 h4 13. Ne2 Qd7 14. O-O Na5 15. e4 h3 16. g3 O-O-O $146 ({RR} 16... dxe4 17. fxe4 Qc6 18. Rf5 Rh5 19. Bg5 O-O-O 20. Nf4 Nxe4 21. Nxh5 Nxg5 22. Ra2 Nb3 23. Rxg5 g6 24. Qc2 Qf3 25. Re5 gxh5 26. Qxb3 Rxd4 27. Re1 h4 28. Rf2 {1-0 (28) Fier,A (2561)-Gavrilescu,D (2479) Moscow 2019}) 17. e5 Ng8 18. Rb1 Nc4 19. Nf4 Ne7 20. a4 Kb8 21. Rb4 a5 22. Rb5 c6 23. Rb1 Qf5 24. Qxf5 Nxf5 25. Nd3 Ka7 26. Kf2 f6 27. g4 Nh4 28. Kg3 Ng2 29. f4 f5 30. Nc5 b6 31. Ne6 Rd7 32. gxf5 Nge3 33. Bxe3 Nxe3 34. Rg1 Nxf5+ 35. Kf3 Re7 36. Ng5 Ka6 37. Ke2 Rh4 38. Rbf1 Rh8 39. Rf3 b5 40. Kd3 bxa4 41. Ra1 c5 42. dxc5 Rc8 43. Rxh3 Rxc5 44. Rxa4 Rec7 45. Ra3 Rc4 46. Ne6 R7c6 47. Nd4 Nxd4 48. cxd4 g6 49. Rh6 Kb5 50. Ke3 a4 51. Rd3 Kb4 52. Rh8 Rc3 53. Rb8+ Kc4 54. Rxc3+ Kxc3 55. Ra8 Kb3 56. h4 a3 57. h5 gxh5 58. f5 Rc3+ 59. Kf4 h4 60. e6 h3 61. e7 h2 62. Rh8 a2 63. e8=Q a1=Q 64. Qb5+ 1-0

[Event "3rd 3-0 Thu 15th Jan 2026"]
[Site "chess.com INT"]
[Date "2026.01.15"]
[Round "6"]
[White "Nepomniachtchi, I."]
[Black "Xiong, Jeffery"]
[Result "0-1"]
[WhiteElo "2723"]
[BlackElo "2656"]
[PlyCount "54"]
[EventDate "2026.01.15"]

1. d4 d5 2. c4 e6 3. Nc3 Bb4 4. a3 Bxc3+ 5. bxc3 Nf6 6. e3 c6 7. f3 O-O 8. a4 ({RR} 8. cxd5 cxd5 9. c4 dxc4 10. Bxc4 b5 11. Bd3 Nc6 12. Ne2 a6 13. O-O Bb7 14. Bb2 Rc8 15. e4 Na5 16. Rc1 Qb6 17. Kh1 Rxc1 18. Qxc1 Rc8 19. Qg5 h6 20. Qg3 Qc7 21. Qh4 Qd8 22. Rd1 Ne8 {Milov,V (2683)-Delgado Ramirez,N (2554) Merida 2004 ½-½ (46)}) 8... b6 9. cxd5 cxd5 10. Ba3 $146 ({RR} 10. a5 Ba6 11. Bxa6 Nxa6 12. Qd3 Qc7 13. axb6 axb6 14. Rxa6 Rxa6 15. Qxa6 Qxc3+ 16. Bd2 Qc2 17. Ne2 e5 18. Qxb6 h6 19. Qc5 {1-0 (19) Volkov,S (2460)-Makarichev,S (2540) Moscow 1996}) ({RR} 10. Bb5 Qc7 11. Ne2 Ba6 12. Qd3 Bxb5 13. axb5 Rc8 14. O-O Qc4 15. Qxc4 Rxc4 16. Ba3 Ne8 17. e4 Nd7 18. e5 Ra4 19. Be7 Rxa1 20. Rxa1 f6 21. exf6 gxf6 22. Nf4 Kf7 23. Ba3 a5 24. bxa6 Rxa6 {Van Wely,L (2636)-Barsegyan,H (2461) Chartres FRA 2026 ½-½ (59)}) 10... Re8 11. Bb5 Bd7 12. Bd3 e5 13. Kf2 Nc6 14. Ne2 e4 15. Bc2 Na5 16. Ng3 Nc4 17. Bc1 Rc8 18. Re1 h5 19. h4 Rc6 20. Bb3 exf3 21. gxf3 Ng4+ 22. fxg4 Bxg4 23. Qd3 Qxh4 24. Rg1 Qh2+ 25. Rg2 Rf6+ 26. Nf5 Rxf5+ 27. Qxf5 Qh4+ 0-1

[Event "88th Tata Steel Masters"]
[Site "Wijk aan Zee NED"]
[Date "2026.02.01"]
[Round "13.1"]
[White "Fedoseev, Vl3"]
[Black "Aravindh, Chithambaram VR."]
[Result "1-0"]
[WhiteElo "2705"]
[BlackElo "2700"]
[PlyCount "129"]
[EventDate "2026.01.17"]

1. d4 {Ftacnik,Lubomir} d5 2. c4 e6 3. Nc3 Be7 4. Bf4 Nf6 5. e3 O-O 6. a3 c5 7. dxc5 dxc4 8. Bxc4 Bxc5 9. Nf3 a6 10. Qc2 ({RR} 10. O-O b5 11. Bd3 Bb7 12. Rc1 Be7 13. Qe2 Nbd7 14. Rfd1 Rc8 15. Ne5 Qb6 16. Nxd7 Nxd7 17. Bxh7+ Kxh7 18. Rxd7 Bf6 19. Rcd1 Bc6 20. R7d3 b4 21. axb4 Qxb4 22. Bd6 Qh4 23. Bxf8 Rxf8 24. e4 Qg5 {Karwowski,K (2267)-Jiricek,J (2006) Prague CZE 2026 1-0 (31)}) 10... Nbd7 11. Bd3 ({RR} 11. Rd1 b5 12. Bd3 Qb6 13. O-O h6 14. Ne5 Nxe5 15. Bxe5 Ng4 16. Ne4 Nxe5 ({RR} 16... Bxe3 17. Bc7) 17. Qxc5 Qxc5 18. Nxc5 Ra7 19. b4 Nd7 20. Nxd7 {½-½ (20) Piket,J (2625)-Beliavsky,A (2595) Groningen 1992 CBM 034 [Ftacnik,Lubomir]} ({RR} 20. Nb3)) 11... b6 $146 ({RR} 11... b5 12. Ne4 Bb7 13. Nxf6+ Nxf6 14. Bxh7+ Nxh7 15. Qxc5 Rc8 16. Qe5 Qd3 17. Rd1 Qg6 18. Bg3 Bxf3 19. gxf3 Ng5 20. Kf1 Qh5 21. Rg1 Qxf3 22. Re1 Ne4 23. Rg2 Nd2+ 24. Kg1 Qe2 25. Rxe2 Rc1+ 26. Re1 {Molenda,M (2384)-Natsidis,C (2338) Olomouc CZE 2024 0-1}) ({RR} 11... b5 12. Ne4 Bb7 13. Nxf6+ Nxf6 14. Bxh7+ Nxh7 15. Qxc5 Rc8 16. Qe5 Qd3 17. Rd1 Qg6 18. Bg3 Bxf3 19. gxf3 Ng5 20. Kf1 Qh5 21. Rg1 Qxf3 22. Re1 Ne4 23. Rg2 Nd2+ 24. Kg1 Qe2 25. Rxe2 Rc1+ 26. Re1 {Molenda,M (2384)-Natsidis,C (2338) Olomouc CZE 2024 0-1}) 12. Rd1 Bb7 13. Ne5 h6 14. Bh7+ Kh8 15. O-O Qc8 16. Nxd7 Nxd7 17. Bd3 Be7 18. Qe2 f5 19. Rc1 Nc5 20. Bb1 Bf6 21. f3 Qc6 22. Bg3 Rad8 23. Rc2 Qd7 24. Ba2 Nd3 25. Kh1 Bc6 26. Rd2 Nf4 27. Rxd7 Nxe2 28. Rxd8 Nxg3+ 29. hxg3 Rxd8 30. Bxe6 g6 31. Rc1 Rd6 32. Bc8 a5 33. Ba6 Bg5 34. Re1 Rd2 35. e4 Rxb2 36. exf5 Bd2 37. Re6 Bd7 38. Rd6 Bxf5 39. Nd1 Rc2 40. g4 Bxg4 41. fxg4 Bf4 42. Rd3 Kg7 43. Bb5 Kf6 44. g3 Bb8 45. a4 Kg5 46. Ne3 Ra2 47. Rd5+ Kf6 48. g5+ hxg5 49. Ng4+ Ke6 50. Rxg5 Ra3 51. Rxg6+ Kf5 52. Rxb6 Bxg3 53. Bd7+ Kf4 54. Rf6+ Kg5 55. Rf7 Ra2 56. Ne3 Bb8 57. Rf5+ Kh4 58. Rxa5 Kg3 59. Nf1+ Kf3 60. Rf5+ Bf4 61. Bc6+ Kg4 62. Rc5 Ra1 63. Bb5 Kf3 64. Rc3+ Kf2 65. Rc2+ 1-0

[Event "88th Tata Steel Masters"]
[Site "Wijk aan Zee NED"]
[Date "2026.01.28"]
[Round "10.3"]
[White "Sindarov, Javokhir"]
[Black "Van Foreest, Jorden"]
[Result "1/2-1/2"]
[WhiteElo "2726"]
[BlackElo "2703"]
[PlyCount "67"]
[EventDate "2026.01.17"]

1. d4 d5 2. c4 e6 3. Nc3 a6 4. cxd5 exd5 5. Nf3 c6 6. e4 dxe4 7. Ng5 h6 ({RR} 7... Be7 8. Bc4 Nh6 9. Ngxe4 Nf5 10. d5 O-O 11. O-O cxd5 12. Nxd5 Nc6 13. Qh5 Be6 14. Nxe7+ Qxe7 15. Ng5 h6 16. Nxe6 fxe6 17. Bd2 Nfd4 18. Rad1 Rf5 19. Qh3 Rd8 20. Be3 b5 21. Bxd4 Nxd4 22. Rxd4 {Aronian,L (2784)-Carlsen,M (2851) Stavanger 2016 0-1 (43)}) 8. Ngxe4 Be6 ({RR} 8... Nf6 9. Nxf6+ Qxf6 10. Bd3 Bd6 11. O-O Qh4 12. Re1+ Be6 13. g3 Qf6 14. d5 cxd5 15. Nxd5 Qd8 16. Qh5 Kf8 17. Nf4 Bxf4 18. Bxf4 Nc6 19. Rad1 Qd5 20. Qxd5 Bxd5 21. Bxa6 Rxa6 22. Rxd5 Rxa2 23. b4 {Maruflu,E (2204)-Mahdian,A (2078) Cesme TUR 2026 1-0 (31)}) 9. Bf4 $146 ({RR} 9. Be2 Be7 10. O-O Nf6 11. Bf3 Nbd7 12. Bf4 O-O 13. Qd2 Nxe4 14. Bxe4 Nf6 15. Bc2 c5 16. Ne2 Bc4 17. Rfd1 Bxe2 18. Qxe2 cxd4 19. Be5 Rc8 20. Bxd4 Qc7 21. Rac1 Kh8 22. h3 Rfe8 23. Qf3 Qc6 {Kaliakhmet,E (1864)-Aydogan,A (1489) Batumi 2022 ½-½ (59)}) ({RR} 9. Be2 Nf6 10. O-O Nbd7 11. Bf4 Nxe4 12. Nxe4 Nf6 13. Nxf6+ gxf6 14. Bf3 Bd6 15. Qd2 Qc7 16. Bxd6 Qxd6 17. Qc3 Rd8 18. d5 Bxd5 19. Bxd5 cxd5 20. Rfe1+ Kf8 21. Qb3 Kg7 22. Rad1 Rhe8 23. Rxe8 Rxe8 {Tilicheev,V (2525)-Vallejo Pons,F (2687) Patras 2019 ½-½ (69)}) 9... Nd7 10. d5 cxd5 11. Nxd5 Qa5+ 12. Ndc3 Ngf6 13. Nd6+ Bxd6 14. Bxd6 Nc5 15. Bb5+ axb5 16. Bxc5 Ne4 17. Qd4 Nxc5 18. Qxc5 Rc8 19. Qxb5+ Qxb5 20. Nxb5 Rc2 21. b3 O-O 22. Nd4 Rb2 23. O-O Ra8 24. Nxe6 fxe6 25. g3 Raxa2 26. Rxa2 Rxa2 27. Re1 Rb2 28. Rxe6 Rxb3 29. Kg2 Kf7 30. Rd6 Ke7 31. Rg6 Kf7 32. Rd6 Ke7 33. Rg6 Kf7 34. Rd6 1/2-1/2